| 000 | 00487nam a22001817a 4500 | ||
|---|---|---|---|
| 003 | BUBTL | ||
| 008 | 140201b xxu||||| |||| 00| 0 eng d | ||
| 020 | _a81-219-1021-8 | ||
| 082 |
_a368.01 _bMIF |
||
| 100 |
_9143 _aMishra, M. N. |
||
| 245 |
_aInsurance _cby M. N. Mishra. |
||
| 260 |
_aNew Delhi, _bS. Chand, _cc2001. |
||
| 300 |
_a663 . : _bTable , 22cm . _cFinance . |
||
| 650 | 0 |
_9144 _aInsurance |
|
| 856 |
_k0 _l0 _yDownload |
||
| 942 |
_2ddc _cBK |
||
| 999 |
_c112 _d112 |
||